01133nab a22002537a 4500999001500000003000400015005001700019008004100036040000700077100003200084245011800116260004200234300001100276500003600287505018500323505008900508650002600597650002800623650003100651650003400682650003000716773012000746942001300866 c6537d6537OSt20260223115702.0190506c xxu||||| |||| 00| 0 spa d cPJ 97133aVelasco, Luis María13aLos derechos de autor en los trabajos realizados con ayuda de la inteligencia artificial /cLuis María Velasco. aBuenos Aires :bAbeledoPerrot,c2024. ap. 3-8 aCita: TR LALEY AR/DOC/311/2024. aSumario: I. Inteligencia sin límites. El ChatGPT.— II. Regulación.— III. Los Derechos de autor de una "obra de arte creada por la IA en EE. UU. y Argentina.— IV. Fuentes. t¿Te interesa el texto completo? Comunicate al correo: koha@justierradelfuego.gov.ar 091316aDERECHO LABORAL 093459aDERECHOS DE AUTOR 096327aDERECHO DE PROPIEDAD 095817aINTELIGENCIA ARTIFICIAL 091323aCONTRATO DE TRABAJO0 0275193202dBuenos Aires : AbeledoPerrot, 2013-tRevista de derecho laboral y seguridad social. Nº 7 - Abril 2024 2udccANA